000
00319nam a2200133Ia 4500
008
210312s9999||||xx |||||||||||||| ||und||
041
_a
osm
050
_a
PL248
050
_b
M34.T35
100
_a
Recaizade Mahmut Ekrem
245
0
_a
Talim-i edebiyat
260
_c
1330
650
_a
Edebiyat--Türk edebiyatı--Eğitim
999
_c
22198
_d
22198